Jacques Lacan (Record no. 299)

MARC details
000 -LEADER
fixed length control field 00449 a2200169 4500
001 - CONTROL NUMBER
control field 066108
003 - CONTROL NUMBER IDENTIFIER
control field OSt
005 - DATE AND TIME OF LATEST TRANSACTION
control field 20210914140358.0
008 - FIXED-LENGTH DATA ELEMENTS--GENERAL INFORMATION
fixed length control field
082 ## - DEWEY DECIMAL CLASSIFICATION NUMBER
Classification number 150.195092
Item number H75J
100 1# - MAIN ENTRY--PERSONAL NAME
Personal name Homer, Sean
245 1# - TITLE STATEMENT
Title Jacques Lacan
Statement of responsibility, etc by Sean Homer
260 ## - PUBLICATION, DISTRIBUTION, ETC. (IMPRINT)
Place of publication, distribution, etc London
Name of publisher, distributor, etc Routledge
Date of publication, distribution, etc 2007
300 ## - PHYSICAL DESCRIPTION
Extent 155p.
690 ## - LOCAL SUBJECT ADDED ENTRY--TOPICAL TERM (OCLC, RLIN)
Topical term or geographic name as entry element Psychoanalysis; Lacan, Jacques, 1901-1981; Psychoanalytic interpretation
942 ## - ADDED ENTRY ELEMENTS (KOHA)
Source of classification or shelving scheme Dewey Decimal Classification
Koha item type Books
Holdings
Withdrawn status Lost status Source of classification or shelving scheme Damaged status Not for loan Collection code Home library Current library Date acquired Source of acquisition Cost, normal purchase price Full call number Barcode Date last seen Price effective from Koha item type
    Dewey Decimal Classification     General Text Book Central University Of Rajasthan Central University Of Rajasthan 07/03/2012 ENG 220.00 150.195092 H75J 394 21/11/2024 02/09/2020 Books